<?xml version="1.0" encoding="UTF-8"?>
<collection xmlns="http://www.loc.gov/MARC21/slim">
 <record>
  <leader>     na                 </leader>
  <controlfield tag="001">INLIS000000000002870</controlfield>
  <controlfield tag="005">20260302125507</controlfield>
  <controlfield tag="035">$a 0010-0326000002</controlfield>
  <controlfield tag="245">$a Selamat Menunaikan Ibadah Puisi /$c Joko Pinurbo</controlfield>
  <controlfield tag="100">$a Joko Pinurbo</controlfield>
  <controlfield tag="300">$a 192 hlm : $b ilus ; $c 13.5 x 20 cm</controlfield>
  <controlfield tag="260">$a Jakarta :$b PT Gramedia Pustaka Utama,$c 2016</controlfield>
  <controlfield tag="082">$a 800</controlfield>
  <controlfield tag="084">$a 800 JOK s</controlfield>
  <controlfield tag="020">$a 978-602-06-4573-5</controlfield>
  <controlfield tag="990">$a 109/2026 c.1</controlfield>
  <controlfield tag="990">$a 110/2026 c.2</controlfield>
 </record>
</collection>
